W jakim mieście urodził się ten raper? - Statystyki

Ogólne statystyki
  • Ten quiz został rozwiązany 102 razy
  • Średni wynik to 7 z 15
Statystyki odpowiedzi
Raper Miasto % Poprawnych
Bedoes Bydgoszcz
86%
Quebonafide Ciechanów
72%
Mata Wrocław
66%
Szpaku Morąg
63%
Jan-rapowanie Kraków
61%
Kizo Gdańsk
59%
Malik Montana Hamburg
45%
Żabson Opoczno
44%
Kali Kraków
39%
Guzior Wrocław
35%
White 2115 Milanówek
32%
Oki Lubin
31%
Kabe Olsztyn
19%
Reto Piastów
19%
Olszakumpel Płock
11%
Nie znaleziono quizów pasujących do podanych kryteriów
Rozkład punktacji
Procent ludzi z każdym wynikiem
Percentyl według liczby udzielonych odpowiedzi
Twoja historia wyników
Nie rozwiązałeś tego quizu